000 00565nam a2200193 a 4500
001 000031747
003 DO-SdBNP
005 20240304171404.0
007 ta
008 110701s1912 dr 000 0 spa d
040 _aDO-SdBNP
_bspa
_cBNPHU
049 _aBNPD
111 1 _aCuarta Conferencia Internacional
_n4:
_d1912
_cSevilla
_957989
245 1 3 _aLa Cuarta Conferencia Internacional Américana /
_aAmérico Lugo.
260 _aSevilla :
_bImp. F. de P.,
_c1912.
300 _a45 p. ;
_c22 cm.
700 1 2 _aLugo, Américo
_d1870-1952
_981550
942 _2ddc
_cLBS1
999 _c31239
_d31239